The buddhism of Tibet or lamaism With its mystic cults, symbolism and mythology, and in its relation to Indian Buddhism (Registro nro. 87845)

Detalles MARC
000 -ENCABEZADO
Número de control [NR] 00738nam a22002057a 4500
008 - DE LONGITUD FIJA DE DATOS DE ELEMENTOS - INFORMACIÓN GENERAL
Elementos de longitud fija [NR] 130821s1934 enk gr eng
040 ## - FUENTE DE CATALOGACION [NR]
Agencia de catalogación original [NR] Co-BoUCM
Idioma de catalogación [NR] spa
041 00 - CODIGO DE IDIOMA [R]
Código de idioma para texto/pista de sonido o título separado [R] Inglés
100 ## - ASIENTO PRINCIPAL--NOMBRE PERSONAL [NR]
Nombre personal [NR] Waddell, L. Austine
ID Autoridad 150754
245 00 - MENCION DE TITULO [NR]
Título [NR] The buddhism of Tibet or lamaism With its mystic cults, symbolism and mythology, and in its relation to Indian Buddhism
Mención de responsabilidad, etc. [NR] by L. Austine Waddell
250 ## - MENCION DE EDICION [NR]
Mención de edición [NR] 2a. edition
260 ## - PUBLICACION, DISTRIBUCION, ETC. (PIE DE IMPRENTA) [R]
Lugar de publicación, distribución, etc. [R] Cambridge (Inglaterra)
Nombre del editor, distribuidor, etc. [R] W. Heffer
Fecha de publicación, distribución, etc. [R] 1934
300 ## - DESCRIPCION FISICA [R]
Extensión [R] [1 volumen]
500 ## - NOTA GENERAL [R]
Nota general [NR] Incluye bibliografia e índice
650 04 - ASIENTO SECUNDARIO DE MATERIA - TERMINO TEMATICO [R]
Término temático o nombre geográfico como elemento de entrada [NR] Budismo
9 (RLIN) 10234
650 04 - ASIENTO SECUNDARIO DE MATERIA - TERMINO TEMATICO [R]
Término temático o nombre geográfico como elemento de entrada [NR] Budismo
Subdivisión geográfica [R] Tíbet
9 (RLIN) 10234
651 ## - ASIENTO SECUNDARIO DE MATERIA - NOMBRE GEOGRAFICO [R]
Nombre geográfico [NR] Tibet (China)
9 (RLIN) 27359
942 ## - ELEMENTOS DE ENTRADA AGREGADOS (KOHA)
Tipo de ítem principal el descrito en 300a Libro
Tema principal Religión
Edición 2
Parte restante de la signatura top. W13
Título oculto en OPAC No
Sistema de clasificación DEWEY
Clasificación 294.3
Existencias
Signatura topográfica Código de barras Última vez visto Volúmen / Fascículo Ejemplar Price effective from Tipo de ítem Perdido Sistema de clasificación Dañado No prestable Tipo de ítem específico Suprimido Ubicación habitual Ubicación actual Localización Fecha de creación Forma de adquisición Costo
FCS 294.3 W13 120001159 09/07/2012 2A. ED. Ej.1 03/02/2013 Libro   DEWEY     Fondos especiales     Archivo Histórico Archivo histórico 28/02/2003 Donación 1000.00